LEADER 00740nam0-2200277 --450 001 9910318160303321 005 20190506090507.0 010 $a978-88-6973-298-0 100 $a20190506d2018----kmuy0itay5050 ba 101 0 $aita 102 $aIT 105 $a 001yy 200 1 $aIdolatria$ei falsi dči del nemico$fAlessandro Vanoli 210 $aRoma$cSalerno Editrice$d2018 215 $a159 p.$d20 cm 225 1 $aAculei$v33 610 0 $aIdolatria 676 $a291.218$v19$zita 700 1$aVanoli,$bAlessandro$0515301 801 0$aIT$bUNINA$gREICAT$2UNIMARC 901 $aBK 912 $a9910318160303321 952 $aCOLLEZ. 2314 (33)$b419/2019$fFSPBC 959 $aFSPBC 996 $aIdolatria$91551607 997 $aUNINA LEADER 01764oam 2200493M 450 001 9910715794103321 005 20191123062008.5 035 $a(CKB)5470000002514129 035 $a(OCoLC)1065572982 035 $a(OCoLC)995470000002514129 035 $a(EXLCZ)995470000002514129 100 $a20070221d1851 ua 0 101 0 $aeng 135 $aurcn||||||||| 181 $ctxt$2rdacontent 182 $cc$2rdamedia 183 $acr$2rdacarrier 200 10$aCaptain J.L. Fremont. February 18, 1851. Laid upon the table, and ordered to be printed 210 1$a[Washington, D.C.] :$c[publisher not identified],$d1851. 215 $a1 online resource (1 pages) 225 1 $aHouse report / 31st Congress, 2nd session. House ;$vno. 31 225 1 $a[United States congressional serial set] ;$v[serial no. 606] 300 $aBatch processed record: Metadata reviewed, not verified. Some fields updated by batch processes. 300 $aFDLP item number not assigned. 606 $aClaims 606 $aMilitary appointments 606 $aArmies$xStaffs 606 $aArmed Forces$xOfficers 607 $aUnited States$xArmed Forces$xOfficers 607 $aUnited States$xArmed Forces$xNon-commissioned officers 608 $aLegislative materials.$2lcgft 615 0$aClaims. 615 0$aMilitary appointments. 615 0$aArmies$xStaffs. 615 0$aArmed Forces$xOfficers. 701 $aMatteson$b Orsamus B$g(Orsamus Benajah),$f1805-1889$pWhig (NY)$01390593 801 0$bWYU 801 1$bWYU 801 2$bOCLCO 801 2$bOCLCQ 906 $aBOOK 912 $a9910715794103321 996 $aCaptain J.L. Fremont. February 18, 1851. Laid upon the table, and ordered to be printed$93466697 997 $aUNINA